Prueba de Chipre del Norte. - Estadísticas

Estadísticas generales
  • Esta prueba ha sido intentada 20 veces
  • La puntuación promedio es 8 de 16
Estadísticas de respuestas
Hint Respuesta % Correcto
Deporte más popular. Fútbol
94%
Fronteras del país. Chipre
89%
Idioma oficial. Turco
89%
Continente ubicado Asia
83%
País que lo reconoce. Turquía
83%
Países enemigos; excluyendo Chipre. Grecia
78%
Cantidad de presidentes 5
67%
Año que se autoproclamó independiente. 1983
61%
Peor año. 1974
50%
Nombre completo. República Turca de Chipre del Norte | República Turca del Norte de Chipre
50%
Capital del país. Nicosia Norte
28%
Mar en que tiene costa. Mar Mediterráneo
22%
Siglas. RTNC
22%
Presidente. Ersin Tatar
6%
Mayor exportación. Productos Lácteos
0%
Régimen. República semipresidencialista unitaria
0%
No se encontraron pruebas coincidentes
Distribución de puntuación
Porcentaje de gente con cada puntuación
Porcentaje por número respondido
Historial de tus puntuaciones
No has intentado esta prueba.